000 00734nam a2200205 i 4500
001 130667
003 ES-MaACL
005 20231230062959.0
007 t|
008 070803s1944 sp ||||1| spa d
100 1 _aStarkie, Walter,
_d1894-1976
_9107933
245 1 0 _aDon Gitano
_b: aventuras de un irlandés con su violín en Marruecos, Andalucía y en La Mancha /
_cWalter Starkie ; traducción de Antonio Espina.
260 _aBarcelona :
_bEdiciones Pallas,
_c1944.
300 _a429 p., 4 h. de lám. ;
_c19 cm.
490 1 _aRosa de los vientos
700 1 _aEspina, Antonio,
_d1894-1972
_947833
830 0 _aRosa de los vientos
_9219494
852 _aES-MaACL
_jF-16276
_bR.21272
999 _c130667
_d130667